<?xml version="1.0" encoding="UTF-8"?><?xml-stylesheet type="text/xsl" href="static/style.xsl"?><OAI-PMH xmlns="http://www.openarchives.org/OAI/2.0/" xmlns:xsi="http://www.w3.org/2001/XMLSchema-instance" xsi:schemaLocation="http://www.openarchives.org/OAI/2.0/ http://www.openarchives.org/OAI/2.0/OAI-PMH.xsd"><responseDate>2026-06-03T22:34:42Z</responseDate><request verb="GetRecord" identifier="oai:riuma.uma.es:10630/31257" metadataPrefix="marc">https://riuma.uma.es/rest/oai/request</request><GetRecord><record><header><identifier>oai:riuma.uma.es:10630/31257</identifier><datestamp>2026-02-03T11:08:12Z</datestamp><setSpec>com_10630_2254</setSpec><setSpec>col_10630_37953</setSpec></header><metadata><record xmlns="http://www.loc.gov/MARC21/slim" xmlns:dcterms="http://purl.org/dc/terms/" xmlns:doc="http://www.lyncode.com/xoai" xmlns:xsi="http://www.w3.org/2001/XMLSchema-instance" xsi:schemaLocation="http://www.loc.gov/MARC21/slim http://www.loc.gov/standards/marcxml/schema/MARC21slim.xsd">
   <leader>00925njm 22002777a 4500</leader>
   <datafield ind2=" " ind1=" " tag="042">
      <subfield code="a">dc</subfield>
   </datafield>
   <datafield ind2=" " ind1=" " tag="720">
      <subfield code="a">Fernández-Paradas, Mercedes</subfield>
      <subfield code="e">author</subfield>
   </datafield>
   <datafield ind2=" " ind1=" " tag="720">
      <subfield code="a">Rodríguez-Martín, Nuria</subfield>
      <subfield code="e">author</subfield>
   </datafield>
   <datafield ind2=" " ind1=" " tag="260">
      <subfield code="c">2019</subfield>
   </datafield>
   <datafield ind2=" " ind1=" " tag="520">
      <subfield code="a">Este artículo analiza la evolución de la actividad gasista en Madrid entre&#xd;
1917 y 1922, años en los que la fábrica de gas estuvo controlada por el&#xd;
Ayuntamiento. Se analizan los motivos que llevaron al Ayuntamiento&#xd;
madrileño a rescindir el contrato de suministro de gas e incautarse de la&#xd;
fábrica de gas, propiedad de la Compañía Madrileña de Alumbrado y&#xd;
Calefacción por Gas. Igualmente se examinan los cambios en la gestión&#xd;
del negocio, y los problemas que enfrentó el Consistorio como consecuencia&#xd;
del aumento de los costes laborales y de las dificultades en el suministro&#xd;
de carbón. Finalmente, se estudian los pleitos entre la Compañía del&#xd;
Gas y el Ayuntamiento y las opciones planteadas por éste para desprenderse&#xd;
del negocio.&#xd;
This article examines developments in the gas sector in Madrid&#xd;
between 1917 and 1922, when the gas factory was under the control of&#xd;
the City Council. The article discusses the reasons why the Council&#xd;
decided to cancel the gas supply contract and take over the gasworks,&#xd;
owned by the Gas Lighting and Heating Company of Madrid. Changes&#xd;
in the management of the business, alongside the problems faced by the&#xd;
Council owing to the dramatic increase in labour costs and the escalating&#xd;
difficulties in obtaining coal supplies, are thoroughly analysed.&#xd;
The article also explores the lawsuits between the Gas Company and&#xd;
the City Council, and the latter’s subsequent attempts to get rid of the&#xd;
business.</subfield>
   </datafield>
   <datafield ind1="8" ind2=" " tag="024">
      <subfield code="a">Fernández-Paradas, M., &amp; Rodríguez-Martín, N. (2019). «Una aventura con fatales consecuencias». La incautación de la fábrica del gas de Madrid y la municipalización del servicio público de alumbrado (1917-1922). Hispania, 79(261), 157–187. https://doi.org/10.3989/hispania.2019.006</subfield>
   </datafield>
   <datafield ind1="8" ind2=" " tag="024">
      <subfield code="a">https://hdl.handle.net/10630/31257</subfield>
   </datafield>
   <datafield ind1="8" ind2=" " tag="024">
      <subfield code="a">10.3989/hispania.2019.006</subfield>
   </datafield>
   <datafield tag="653" ind2=" " ind1=" ">
      <subfield code="a">Gas - Industria - Historia - Madrid</subfield>
   </datafield>
   <datafield tag="653" ind2=" " ind1=" ">
      <subfield code="a">Alumbrado público - Historia - Madrid</subfield>
   </datafield>
   <datafield ind2="0" ind1="0" tag="245">
      <subfield code="a">«Una aventura con fatales consecuencias». La incautación de la fábrica del gas de Madrid y la municipalización del servicio público de alumbrado (1917-1922)</subfield>
   </datafield>
</record>
</metadata></record></GetRecord></OAI-PMH>